Spatial Models and GIS (Record no. 573927)

MARC details
000 -LEADER
fixed length control field 01253nam a2200169Ia 4500
008 - FIXED-LENGTH DATA ELEMENTS--GENERAL INFORMATION
fixed length control field 250625s9999 xx 000 0 und d
020 ## - INTERNATIONAL STANDARD BOOK NUMBER
ISBN 9780748408467
082 ## - DEWEY DECIMAL CLASSIFICATION NUMBER
Classification number 910.285
Item number FOT
100 ## - MAIN ENTRY--AUTHOR NAME
Personal name Fotheringham, Stewart
245 #0 - TITLE STATEMENT
Title Spatial Models and GIS
260 ## - PUBLICATION, DISTRIBUTION, ETC. (IMPRINT)
Name of publisher CRC Press
Year of publication 1999
300 ## - PHYSICAL DESCRIPTION
Number of Pages 310 pages
500 ## - GENERAL NOTE
General note Spatial models have been in existence in the environmental and social sciences for a long time. More recently, specialised software for the capture, manipulation and presentation of spatial data, which can be referred to as `Geographical Information Systems' (GIS), have vastly increased the range of possibilities of organising spatial data by new and efficient ways of spatial integration and spatial interpolation. Coupled with the improvements in data availability and increases in computer memory and speed, these novel techniques give rise to new types of spatial models which exploit the technological potential now available, make better use of existing data, stimulate the collection of new data and open up new ways of working with geographic information. This book explores the potential and impact of GIS on spatial modelling.
650 ## - SUBJECT ADDED ENTRY--TOPICAL TERM
Topical Term Technology & Engineering
942 ## - ADDED ENTRY ELEMENTS (KOHA)
Koha item type English Books
Holdings
Withdrawn status Lost status Damaged status Not for loan Home library Current library Shelving location Date acquired Full call number Accession Number Price effective from Koha item type
        Anna Centenary Library Anna Centenary Library 7TH FLOOR, B WING 25.06.2025 910.285 FOT 171700 25.06.2025 English Books

Find us on the map